Quizzes
Events
Quiz Creation
Community
Videos
Private Events
Remove Ads
Sign In
Join for FREE
Feedback
Dark Mode
Quiz Categories
Sports
Geography
Music
Movies
Television
Just For Fun
Miscellaneous
History
Literature
Language
Science
Gaming
Entertainment
Religion
Holiday
For Kids
Quiz Lab
Recent
Popular Today
Quiz Kudos Today
Editor Picks
Curator Picks
Quizzes by...
Day
Popularity
Type
Ratings
Length
Year
Community
Subscriptions
Recent Discussions
Orange Saloon
Badges
Playlists
Quests
Create
Leaderboards
Showdown
Live 5
Trivia Bingo
Activity
Puzzle Library
Sporcle Events
Private Events
Virtual Trivia
Globe League
Become a Host
Pub Owners
SporcleCon
Opinionation
Our Games
Videos
Blog
Mobile Apps
Partnerships
Remove Ads and Go Orange
Feedback
Sports
Athletes
MLB
NBA
NHL
NFL
Soccer
Sports Teams
WWE
NCAA
Football
Premier League
Basketball
Baseball
Hockey
Golf
Tennis
Cricket
Rugby
Auto Racing
Olympics
World Cup
Sports
Athletes
MLB
NBA
NHL
NFL
Soccer
Sports Teams
WWE
NCAA
Football
Premier League
Basketball
Baseball
Hockey
Golf
Tennis
Cricket
Rugby
Auto Racing
Olympics
World Cup
Random Quiz
Search Sporcle
×
Quiz Lab
Quiz Lab
Sports
Type in answers that appear in a list
Type in answers that appear in a list
Classic
Best Score? Go Orange.
NFC Team Receiving Leaders (2000s) Stats
Can you name the NFC team leaders in receiving yards each season from 2000-2009?
By
ironsij0287
8m
160 Questions
3,404 Plays
3,404 Plays
3,404 Plays
Comments
Comments
Give Quiz Kudos
Give Quiz Kudos
-
- Ratings
hide this ad
Replay
Link that replays current quiz
Next Quiz
Link to next quiz in quiz playlist
You Got
0%
They Got
Avg Score
64%
Avg Friend Score
Upgrade to see
Score Distribution
Jump to the score distribution portion of the page
Score
0/160
Timer
08:00
0
Plays Today
Team
Player
% Correct
New York Giants
Steve Smith
98.3%
Carolina Panthers
Steve Smith
98.3%
Carolina Panthers
Steve Smith
98.3%
Carolina Panthers
Steve Smith
98.3%
Carolina Panthers
Steve Smith
98.3%
Carolina Panthers
Steve Smith
98.3%
Carolina Panthers
Steve Smith
98.3%
Carolina Panthers
Steve Smith
98.3%
Washington Redskins
Santana Moss
97.6%
Washington Redskins
Santana Moss
97.6%
Washington Redskins
Santana Moss
97.6%
Washington Redskins
Santana Moss
97.6%
Washington Redskins
Santana Moss
97.6%
Minnesota Vikings
Randy Moss
97.6%
Minnesota Vikings
Randy Moss
97.6%
Minnesota Vikings
Randy Moss
97.6%
Minnesota Vikings
Randy Moss
97.6%
Dallas Cowboys
Keyshawn Johnson
96.4%
Detroit Lions
Calvin Johnson
96.4%
Detroit Lions
Calvin Johnson
96.4%
Tampa Bay Buccaneers
Keyshawn Johnson
96.4%
Tampa Bay Buccaneers
Keyshawn Johnson
96.4%
Tampa Bay Buccaneers
Keyshawn Johnson
96.4%
San Francisco 49ers
Eric Johnson
96.4%
Arizona Cardinals
Larry Fitzgerald
95.6%
Arizona Cardinals
Larry Fitzgerald
95.6%
Arizona Cardinals
Larry Fitzgerald
95.6%
Arizona Cardinals
Larry Fitzgerald
95.6%
Arizona Cardinals
Larry Fitzgerald
95.6%
Dallas Cowboys
Terrell Owens
95.1%
Dallas Cowboys
Terrell Owens
95.1%
Dallas Cowboys
Terrell Owens
95.1%
Philadelphia Eagles
Terrell Owens
95.1%
Philadelphia Eagles
Terrell Owens
95.1%
San Francisco 49ers
Terrell Owens
95.1%
San Francisco 49ers
Terrell Owens
95.1%
San Francisco 49ers
Terrell Owens
95.1%
San Francisco 49ers
Terrell Owens
95.1%
Green Bay Packers
Donald Driver
94.4%
Green Bay Packers
Donald Driver
94.4%
Green Bay Packers
Donald Driver
94.4%
Green Bay Packers
Donald Driver
94.4%
Philadelphia Eagles
DeSean Jackson
93.9%
Philadelphia Eagles
DeSean Jackson
93.9%
St. Louis Rams
Torry Holt
93.9%
St. Louis Rams
Torry Holt
93.9%
St. Louis Rams
Torry Holt
93.9%
St. Louis Rams
Torry Holt
93.9%
St. Louis Rams
Torry Holt
93.9%
St. Louis Rams
Torry Holt
93.9%
St. Louis Rams
Torry Holt
93.9%
St. Louis Rams
Torry Holt
93.9%
St. Louis Rams
Torry Holt
93.9%
Seattle Seahawks
Darrell Jackson
93.9%
Team
Player
% Correct
Seattle Seahawks
Darrell Jackson
93.9%
Seattle Seahawks
Darrell Jackson
93.9%
Seattle Seahawks
Darrell Jackson
93.9%
Atlanta Falcons
Roddy White
93.2%
Atlanta Falcons
Roddy White
93.2%
Atlanta Falcons
Roddy White
93.2%
Arizona Cardinals
Anquan Boldin
92%
Arizona Cardinals
Anquan Boldin
92%
New Orleans Saints
Marques Colston
91.2%
New Orleans Saints
Marques Colston
91.2%
New Orleans Saints
Marques Colston
91.2%
Detroit Lions
Roy Williams
90.3%
Detroit Lions
Roy Williams
90.3%
Detroit Lions
Roy Williams
90.3%
Green Bay Packers
Greg Jennings
89.2%
Green Bay Packers
Greg Jennings
89.2%
Minnesota Vikings
Sidney Rice
89%
Dallas Cowboys
Miles Austin
88.5%
New York Giants
Plaxico Burress
85.1%
New York Giants
Plaxico Burress
85.1%
New York Giants
Plaxico Burress
85.1%
San Francisco 49ers
Isaac Bruce
82.4%
New York Giants
Amani Toomer
77.2%
New York Giants
Amani Toomer
77.2%
New York Giants
Amani Toomer
77.2%
New York Giants
Amani Toomer
77.2%
New York Giants
Amani Toomer
77.2%
Chicago Bears
Muhsin Muhammad
75.8%
Chicago Bears
Muhsin Muhammad
75.8%
Carolina Panthers
Muhsin Muhammad
75.8%
Carolina Panthers
Muhsin Muhammad
75.8%
Chicago Bears
Devin Hester
72.5%
Chicago Bears
Devin Hester
72.5%
New Orleans Saints
Joe Horn
72.2%
New Orleans Saints
Joe Horn
72.2%
New Orleans Saints
Joe Horn
72.2%
New Orleans Saints
Joe Horn
72.2%
New Orleans Saints
Joe Horn
72.2%
San Francisco 49ers
Vernon Davis
63.5%
Chicago Bears
Bernard Berrian
60.5%
Minnesota Vikings
Bernard Berrian
60.5%
Tampa Bay Buccaneers
Antonio Bryant
56.5%
San Francisco 49ers
Antonio Bryant
56.5%
New Orleans Saints
Lance Moore
52.9%
Dallas Cowboys
Joey Galloway
51.8%
Tampa Bay Buccaneers
Joey Galloway
51.8%
Tampa Bay Buccaneers
Joey Galloway
51.8%
Tampa Bay Buccaneers
Joey Galloway
51.8%
St. Louis Rams
Donnie Avery
49.9%
Green Bay Packers
Javon Walker
46%
Green Bay Packers
Javon Walker
46%
Philadelphia Eagles
Reggie Brown
43.2%
Dallas Cowboys
Terry Glenn
42.8%
Dallas Cowboys
Terry Glenn
42.8%
Team
Player
% Correct
Washington Redskins
Laveranues Coles
41.2%
Washington Redskins
Laveranues Coles
41.2%
Atlanta Falcons
Alge Crumpler
41%
Atlanta Falcons
Alge Crumpler
41%
Atlanta Falcons
Alge Crumpler
41%
Seattle Seahawks
T.J. Houshmandzadeh
40.5%
Arizona Cardinals
David Boston
40%
Arizona Cardinals
David Boston
40%
Arizona Cardinals
David Boston
40%
Minnesota Vikings
Nate Burleson
39.7%
Chicago Bears
Marty Booker
34.3%
Chicago Bears
Marty Booker
34.3%
Chicago Bears
Marty Booker
34.3%
Chicago Bears
Marcus Robinson
34.1%
Seattle Seahawks
Koren Robinson
34.1%
Tampa Bay Buccaneers
Michael Clayton
31%
Philadelphia Eagles
Kevin Curtis
30.7%
Tampa Bay Buccaneers
Kellen Winslow
28.2%
Philadelphia Eagles
Todd Pinkston
25.7%
Philadelphia Eagles
Todd Pinkston
25.7%
Seattle Seahawks
Bobby Engram
25.1%
Seattle Seahawks
Bobby Engram
25.1%
Philadelphia Eagles
Chad Lewis
23.7%
Philadelphia Eagles
James Thrash
20.7%
Atlanta Falcons
Brian Finneran
20.2%
Atlanta Falcons
Terance Mathis
19.8%
New York Giants
Domenik Hixon
18.3%
San Francisco 49ers
Brandon Lloyd
17.6%
Tampa Bay Buccaneers
Keenan McCardell
17.2%
Seattle Seahawks
John Carlson
17%
Atlanta Falcons
Peerless Price
17%
New Orleans Saints
Donte Stallworth
16.9%
Washington Redskins
Rod Gardner
15%
Washington Redskins
Rod Gardner
15%
Minnesota Vikings
Travis Taylor
14.9%
Minnesota Vikings
Travis Taylor
14.9%
Detroit Lions
Johnnie Morton
11.4%
Detroit Lions
Johnnie Morton
11.4%
San Francisco 49ers
Arnaz Battle
9.7%
Chicago Bears
David Terrell
9.2%
Dallas Cowboys
Rocket Ismail
9%
Detroit Lions
Bill Schroeder
8.5%
Green Bay Packers
Bill Schroeder
8.5%
Green Bay Packers
Bill Schroeder
8.5%
Detroit Lions
Az-Zahir Hakim
6.8%
Detroit Lions
Shaun McDonald
5.9%
Minnesota Vikings
Bobby Wade
5.6%
Atlanta Falcons
Shawn Jefferson
4.2%
Washington Redskins
Albert Connell
4%
Carolina Panthers
Donald Hayes
1.9%
Dallas Cowboys
James McKnight
1.5%
Seattle Seahawks
Sean Dawkins
1.2%
Quiz Playlist
Details
Report
Send in Message
Add To Playlist
Classic:
Type in answers that appear in a list
Last Updated: Aug 6, 2017
Quiz Scoreboard
CHALLENGE
Sign Up to Join the Scoreboard
Show All
Scores
Hide
Comments
May contain spoilers
Recently Published
TV Characters by Other Roles V
by ghcgh
Television
5m
Decade Duel: World Leaders
by jenniferyan
History
4m
Alphabetical 'K' Countries by Flag Minefield
by ylime102
Geography
3m
More to Explore
Quiz From the Vault
Featured Blog Post
15 Basketball Trivia Facts You Can Be March Mad About
hide this ad
You Might Also Like...
Tags
This quiz does not have any tags.
Today's Top Quizzes in Sports
Browse Sports
hide this ad
Top Contributed Quizzes in Sports
1
Les joueurs à 100 buts en Ligue 1 Uber Eats
2
2022 World Cup Stars
3
Pick 6: NFL Teams
4
MLB 2 truths and a lie: Hall of Fame pitchers
5
Pick 6: Minor League Baseball
6
Millionaire: NBA Finals Edition
7
Pick 6: Olympics
8
50+ Goals in European Competition
9
Click the 1998 NBA Draft
10
Iconic Moments in Football - Multiple Choice
Explore More
Trending Topics
Kpop
Harry Potter
Crossword
Disney
Anime
Marvel
NBA
Song
Soccer
The Office
WWE
NFL
Pokémon
Country
Puzzle
hide this ad
More By:
ironsij0287
Quiz
Plays
Rating
Category
Featured
Created
Alphabetical US States
366,181
4.51
Geography
Sep 9, 2009
NBA Western Scoring Leaders (2000s)
314,855
4.60
Sports
Oct 3, 2010
MLB Home Run Leaders (1990s)
260,051
4.51
Sports
Aug 26, 2009
Beers of the World
255,724
4.10
Miscellaneous
Aug 4, 2009
NBA Eastern Scoring Leaders (2000s)
202,874
4.52
Sports
Oct 3, 2010
Go to Creator's Profile
Score Distribution
Quiz Creator Spotlight
ironsij0287
Follow
Send a Message
Quizzes Created
-
Created Quiz Play Count
-
More By This Creator
Popular Quizzes Today
1
Countries of Asia Without Outlines Minefield
2
Find the US States - No Outlines Minefield
3
Pick 6: Fruits
4
The Countries of the World
5
Find the Countries of Europe - No Outlines Minefield
6
Alphabetical 'K' Countries by Flag Minefield
7
US States
8
Find the US States
More Sports Quizzes
Footballer First Names - M
Quiz Lab
Trending Quizzes
Pick 6: Mountains
Pick 6: Harry Potter
Pick 6: NFL Teams
Pick 6: Flags
C Names for Actors
Recently Updated
Adaptations: Name the Title
pecheneg
NWSL Teams
pecheneg
Women's Final Four Teams by Year
bhenderson79
Presidents Quartet II
eogle
Anything But Clue(do)
eogle
Anything But Oceanian Capitals
eogle
Anything But 7
eogle
Anything But Thing
eogle
Word Ladder: February 29
pecheneg
Song Title Questions
pecheneg
Trending Topics
NBA
Crossword
Anime
Marvel
Kpop
Disney
Harry Potter
Song
Country
Soccer
Pokémon
NFL
Puzzle
The Office
WWE
Your Account Isn't Verified!
In order to create a playlist on Sporcle, you need to verify the email address you used during registration. Go to your
Sporcle Settings
to finish the process.
Report this User
Report this user for behavior that violates our
Community Guidelines
.
Details:
Send Report
Go to the Sporcle.com Mobile Site →
Comments